000 00777nam0a22002531 4500
001 rc\2780913
005 20250806210216.0
035 _a(NLR Aleph) 006907149
090 _a19105
_c19105
100 _a20110915d1942 u y0rusy50 ca
101 0 _arus
102 _aRU
105 _ay z |||||
200 1 _aПоложение о колхозных мирабах
210 _aФрунзе
_cКиргизгосиздат
_d1942
215 _a46, [2] с.
_d12 см.
710 0 1 _aКиргССР
_bНародный ком. водного хозяйства
801 0 _aRU
_bNLR
_gpsbo
801 1 _aRU
_bELAR
_2rusmarc
852 _aNLR
_jЭк50 Г-0/2
942 _cBOOK
945 _aРоссийская национальная библиотека
980 _aNB
980 _aBV